Panamá como base de las exploraciones hacia el Perú /

Bewaard in:
Bibliografische gegevens
Hoofdauteur: González de Gutiérrez, Arminda
Formaat: Texto
Tags: Voeg label toe
Geen labels, Wees de eerste die dit record labelt!

MARC

LEADER 00000 a a2200000 04500
001 45666
003
040 |a CRAI/IIS  |c CRAI/IIS 
100 |a González de Gutiérrez, Arminda  
245 |a Panamá como base de las exploraciones hacia el Perú /  |c Arminda González de Gutiérrez  
773 |g número500 (2012), páginas 40-58  
999 |c 18356  |d 18356